01631 a2200217 45000010006000000050017000060080041000230030015000640400040000790800075001192450083001940200022002772640031002993000019003305050896003490410008012451000018012537000022012717000021012938560099013144583420260407155730.0260407a2012 arg spa dAR-UNSa-BCEJYS aAR-UNSa-BCEJYSbspacAR-UNSa-BCEJYS a316.356.2xGrupos consanguíneos. Familia. Sociología de la familia10aLas lógicas del cuidado infantilpentre las familias, el estado y el mercado a978-987-21625-1-1 1aBuenos Aires :bIDESc2012 a260 p.c23 cm. a1. Hacia la conceptualización del cuidado: familia, mercado y estado / Valeria Esquivel, Eleonor Faur y Elizabeth Jelin – 2. La familia en Argentina: Trayectorias históricas y realidades contemporáneas / Elizabeth Jelin – 3. El cuidado infantil en las familias. Un análisis en base a la Encuesta de Uso del Tiempo de la Ciudad de Buenos Aires / Elizabeth Jelin – 4. El cuidado infantil desde las perspectivas de las mujeres-madres. Un estudio en dos barrios populares en el Área Metropolitana de Buenos Aires / Eleonor Faur – 5. La regulación laboral de las trabajadoras domésticas en Argentina: situación actual y perspectivas / Francisca Pereyra – 6. Un puente entre los gestos y la imagen. Notas metodológicas sobre el trabajo de campo con fotografías / Matías Bruno – 7. Coreografías del cuidado : ensayo fotográfico / Sobre las autoras y el autor.  aspa1 aFaur, Eleonor1 aEsquivel, Valeria1 aJelin, Elizabeth41uhttps://www.biblioeco.unsa.edu.ar/pmb/images/libros/L127199.jpgyImagen de portadaqimage/jpeg